000 00694nam a2200205 i 4500
001 143426
003 ES-MaACL
005 20250725062539.0
007 t|
008 070214s1959 sp a |||| | spa d
100 1 _aSenent, F.
_9105455
245 1 3 _aLa física tiene la respuesta
_b: 1700 cuestiones de física /
_cF. Senent, J. Aguilar ; prólogo de Joaquín Catalá de Alemany.
260 _aValencia :
_b[s.n.],
_c1959 (
_fSucesores de Vives Mora)
300 _aXII, 298 p. :
_bil. ;
_c24 cm.
650 0 7 _aFísica
_2embne
_912877
700 1 _aAguilar Peris, José.
_918743
700 1 _aCatalá de Alemany, Joaquín.
_937008
852 _aES-MaACL
_jC-8631
999 _c143426
_d143426